Statistics for Ravens Quiz

Click here to take the quiz!

General Stats

  • This quiz has been taken 40 times
    (38 since last reset)
  • The average score is 10 of 21

Answer Stats

HintAnswer% Correct
What Number does Mark Andrews wear89
94%
Which former ravens QB leads the team in touchdown passes yards and interceptionsJoe Flacco
90%
Who leads the ravens in rushing yardsJamal Lewis
87%
Who holds the record for most career sacks as a ravenTerrell Suggs
77%
What rookie kicker hit a game winning field goal to send the ravens to the super bowl in 2012Justin Tucker
74%
Was Ray Lewis GuiltyYes
74%
how many years has John Harbaugh been the ravens head coach13
65%
What number did Deon Sanders wear as a member of the ravens37
65%
What year were the ravens established1996
52%
What is the name of the ravens mascotPoe
52%
Who was the starting QB during the ravens 2000 superbowl runTrent Dilfer
45%
What Team did Ed Reed go to after the ravensTexans
35%
What Position did Jim Harbaugh play while being apart of the ravensQuarterback
32%
What team did the ravens trade Joe Flacco toBroncos
29%
What is Lamar Jacksons NicknameAction Jackson-Houdini
26%
Who was the first pleyer ever drafted by the ravensJonathan ogden
26%
What player broke Ben Roethlisberger's nose in a gameHaloti Ngata
23%
What is the name of Ray Lewis's iconic daceThe Squirrel
10%
Who was the first starting QB for the ravensVinny Testaverde
10%
Who holds the record in ravens history for the longest kick returnDevin Duvernay
6%
What was the final score in the 2012 Super bowl17-20
3%

Score Distribution

Percentile by Number Answered

Percent of People with Each Score

Your Score History

You have not taken this quiz since the last reset